00420nam a22001457a 4500003000400000005001700004008004100021020001500062040000800077082002100085245007400106260004500180300001200225630003700237OSt20180918123841.0180918b ||||| |||| 00| 0 eng d a0871483238 cDLC aREF 220.7bH919E aEvangelical Sunday School Lesson Commentry /cBy James E. Humbertson. aTennessee, USA :bPathway Press,cc1993. a491 p.: aSunday School Commentryy1993-94